India, A Sound Business Proposition (Record no. 4053)

MARC details
000 -LEADER
fixed length control field 00330nam a22001457a 4500
005 - DATE AND TIME OF LATEST TRANSACTION
control field 20160625145602.0
008 - FIXED-LENGTH DATA ELEMENTS--GENERAL INFORMATION
fixed length control field 160625b xxu||||| |||| 00| 0 eng d
041 ## - LANGUAGE CODE
Language code of text/sound track or separate title eng
082 ## - DEWEY DECIMAL CLASSIFICATION NUMBER
Item number 10111
245 ## - TITLE STATEMENT
Title India, A Sound Business Proposition
260 ## - PUBLICATION, DISTRIBUTION, ETC. (IMPRINT)
Name of publisher Assocham
Year of publication 1994
300 ## - PHYSICAL DESCRIPTION
Number of Pages 87
650 ## - SUBJECT ADDED ENTRY--TOPICAL TERM
Topical Term Management
942 ## - ADDED ENTRY ELEMENTS (KOHA)
Koha item type Books
Holdings
Lost status Damaged status Collection code Home library Current library Shelving location Date acquired Full call number Accession Number Koha item type
    LIFE SKILL JRU Library JRU Library SHELF-71-G 25/06/2016 658 10111 Books